Disney Characters beginning with A - Statistics

General Stats
  • This quiz has been taken 27 times
  • The average score is 9 of 56
Answer Stats
Answer % Correct
Alice
82%
Aurora
77%
Anna
73%
Ariel
73%
Aladdin
64%
Abu
50%
Alana
36%
Aquata
36%
Arthur
36%
Andrina
32%
Adella
23%
Archimedes
23%
Arista
23%
Attina
23%
Amos Slade
18%
Anastasia Tremaine
18%
Apollo
18%
Akela
14%
Aladar
14%
Anda
14%
Angel
14%
Alameda Slim
9%
Alan-a-dale
9%
Aunt Sarah
9%
Abby Mallard
5%
Abigail Gabble
5%
Abis Mal
5%
Achilles
5%
Alceme
5%
Amelia Gabble
5%
Amphitryon
5%
Angelique
5%
Angus MacBadger
5%
Anita Radcliffe
5%
Annette
5%
April
5%
Atka
5%
Atropos
5%
Axe
5%
Adorabeezle Winterpop
0%
Agent Wendy Pleakley
0%
Ajax the Gorilla
0%
Alice Bluebonnet
0%
Alice's Sister
0%
Al the Alligator
0%
Aracuan Bird
0%
Archimedes Q Porter
0%
Armoire
0%
Arthur/Wart
0%
Assistant Mayor Dawn Bellweather
0%
Audrey Ramirez
0%
Audrey the Chicken
0%
Aunt Siqiniq
0%
AuntTAqqiq
0%
The Agent
0%
The Archdeacon
0%
No matching quizzes found
Score Distribution
Percent of People with Each Score
Percentile by Number Answered
Your Score History
You have not taken this quiz